<?xml version="1.0" encoding="UTF-8"?><?xml-stylesheet type="text/xsl" href="static/style.xsl"?><OAI-PMH xmlns="http://www.openarchives.org/OAI/2.0/" xmlns:xsi="http://www.w3.org/2001/XMLSchema-instance" xsi:schemaLocation="http://www.openarchives.org/OAI/2.0/ http://www.openarchives.org/OAI/2.0/OAI-PMH.xsd"><responseDate>2026-06-03T11:43:42Z</responseDate><request verb="GetRecord" identifier="oai:riuma.uma.es:10630/39485" metadataPrefix="marc">https://riuma.uma.es/rest/oai/request</request><GetRecord><record><header><identifier>oai:riuma.uma.es:10630/39485</identifier><datestamp>2026-02-03T11:49:16Z</datestamp><setSpec>com_10630_2254</setSpec><setSpec>col_10630_37959</setSpec></header><metadata><record xmlns="http://www.loc.gov/MARC21/slim" xmlns:dcterms="http://purl.org/dc/terms/" xmlns:doc="http://www.lyncode.com/xoai" xmlns:xsi="http://www.w3.org/2001/XMLSchema-instance" xsi:schemaLocation="http://www.loc.gov/MARC21/slim http://www.loc.gov/standards/marcxml/schema/MARC21slim.xsd">
   <leader>00925njm 22002777a 4500</leader>
   <datafield ind2=" " ind1=" " tag="042">
      <subfield code="a">dc</subfield>
   </datafield>
   <datafield ind2=" " ind1=" " tag="720">
      <subfield code="a">Chicano-García, José-Francisco</subfield>
      <subfield code="e">author</subfield>
   </datafield>
   <datafield ind2=" " ind1=" " tag="720">
      <subfield code="a">Dahi, Zakaria Abdelmoiz</subfield>
      <subfield code="e">author</subfield>
   </datafield>
   <datafield ind2=" " ind1=" " tag="720">
      <subfield code="a">Luque-Polo, Gabriel Jesús</subfield>
      <subfield code="e">author</subfield>
   </datafield>
   <datafield ind2=" " ind1=" " tag="260">
      <subfield code="c">2025</subfield>
   </datafield>
   <datafield ind2=" " ind1=" " tag="520">
      <subfield code="a">QAOA is a hybrid quantum-classical algorithm to solve optimization problems in gate-based quantum computers. It is based on a variational quantum circuit that can be interpreted as a discretization of the annealing process that quantum annealers follow to find a minimum energy state of a given Hamiltonian. This ensures that QAOA must find an optimal solution for any given optimization problem when the number of layers, p, used in the variational quantum circuit tends to infinity. In practice, the number of layers is usually bounded by a small number. This is a must in current quantum computers of the NISQ era, due to the depth limit of the circuits they can run to avoid problems with decoherence and noise. In this paper, we show mathematical evidence that QAOA requires exponential time to solve linear functions when the number of layers is less than the number of different coefficients of the linear function n. We conjecture that QAOA needs exponential time to find the global optimum of linear functions for any constant value of p, and that the runtime is linear only if p >= n. We conclude that we need new quantum algorithms to reach quantum supremacy in quantum optimization.</subfield>
   </datafield>
   <datafield ind1="8" ind2=" " tag="024">
      <subfield code="a">https://hdl.handle.net/10630/39485</subfield>
   </datafield>
   <datafield tag="653" ind2=" " ind1=" ">
      <subfield code="a">Computación cuántica</subfield>
   </datafield>
   <datafield tag="653" ind2=" " ind1=" ">
      <subfield code="a">Algoritmos computacionales</subfield>
   </datafield>
   <datafield ind2="0" ind1="0" tag="245">
      <subfield code="a">The Quantum Approximate Optimization Algorithm Can Require Exponential Time to Optimize Linear Functions</subfield>
   </datafield>
</record>
</metadata></record></GetRecord></OAI-PMH>